000 00497nam a2200181Ia 4500
999 _c29060
_d29060
003 OSt
005 20210105143237.0
008 190216s9999||||xx |||||||||||||| ||und||
020 _a9788126412945
040 _coclc
082 _a300
_bSHO/A
100 _aShourie, Arun
_98071
245 0 _aAdithettunna Pinnakka Preenanam /
_cArun Shourie
260 _bDc Books,
_aKottayam:
_c2006.
300 _a315p
650 _aPadanam
942 _cBK
_2ddc
_h300
_iSHO/A
_k300
_mSHO/A